| 000 | 00429nam a2200157 i 4500 | ||
|---|---|---|---|
| 001 | 71091 | ||
| 003 | ES-MaACL | ||
| 005 | 20230906171022.0 | ||
| 007 | t| | ||
| 008 | 040805s1928 mx ||||1| spa d | ||
| 100 | 1 |
_aGastelum, Bernardo J. _955932 |
|
| 245 | 1 | 3 |
_aLa clase, arquitectura de la comunidad / _cBernardo J. Gastelum. |
| 260 |
_aMéxico : _b[s.n.], _c1928. |
||
| 300 |
_a68 p. ; _c14 cm. |
||
| 852 |
_aES-MaACL _j1712-F-5 |
||
| 999 |
_c71091 _d71091 |
||